| 000 | 00732nam a22002177a 4500 | ||
|---|---|---|---|
| 999 |
_c18715 _d18715 |
||
| 003 | AR-CdUCM | ||
| 008 | 190515b ||||| |||| 00| 0 spa d | ||
| 040 |
_aMUNICIPALIDAD PROVINCIAL DEL CUSCO _cBIBLIOTECA MUNICIPAL DEL CUSCO |
||
| 082 |
_a923.7 / _bF81 |
||
| 100 |
_aFranco, Luis _934504 |
||
| 245 | _aSarmiento y Marti / | ||
| 260 |
_aArgentina : _bLautaro, _c1958. |
||
| 300 |
_a458 páginas ; _c25 cm. |
||
| 440 |
_aColección pensamiento Argentino _939467 |
||
| 505 | _aContenido : Sarmiento -- La batalla por el idioma -- Viaje de la civilización -- El criollo sudamericano... | ||
| 650 |
_aPensadores politicos _939468 |
||
| 650 |
_aBiografía _922 |
||
| 650 |
_aHistoria _9136 |
||
| 942 |
_2ddc _cLIBROS |
||
| 945 | _arcc | ||